La Llave del saber / por Francisco M. de la Iglesia
Descripción Física:
40 p. ; 17 cm
Materias:
Lectura -- Ensenyament
MARC
| LEADER | 00000nam a2200000Ia 4500 | ||
|---|---|---|---|
| 001 | 22591 | ||
| 008 | 160829s1873 xx 000 0 cat d | ||
| 080 | |a 1379, exp. 23 | ||
| 100 | |a Iglesia, Francisco María de la |9 48308 | ||
| 245 | |a La Llave del saber / por Francisco M. de la Iglesia | ||
| 250 | |a 2a ed. | ||
| 260 | |a Coruña : |b Tipografía de la Casa de Misericordia, |c 1873 | ||
| 300 | |a 40 p. ; |c 17 cm | ||
| 590 | |a A la portada: Método popular, racional y silábido de lectura, por el cual los Profesores, ahorrando infinitas molestias, pueden enseñar á leer en quince días. Obra impresa á expensas de la Excma. Diputación Provincial de la coruña [...]. | ||
| 590 | |a A la coberta: Clave para aprender á leer en 15 días. 1o y 2o cuaderno. | ||
| 650 | |a Lectura |x Ensenyament |9 48309 | ||
| 901 | |a Arxiu | ||
| 942 | |n 1 | ||
| 952 | |0 0 |1 0 |4 0 |6 1379_EXP_23 |7 1 |9 54458 |a Arxiu |b Arxiu |d 2016-12-01 |l 0 |o 1379, exp. 23 |p 22591 |r 2016-12-01 00:00:00 |w 2016-12-01 |y ARXIU | ||
| 999 | |c 58327 |d 58327 | ||